Normal view MARC view
  • Diffential Equations

Entry Topical Term

Number of records used in: 2

001 - CONTROL NUMBER

  • control field: 39968

003 - CONTROL NUMBER IDENTIFIER

  • control field: NUST

005 - DATE AND TIME OF LATEST TRANSACTION

  • control field: 20210314131611.0

008 - FIXED-LENGTH DATA ELEMENTS

  • fixed length control field: 210314|| aca||aabn | a|a d

040 ## - CATALOGING SOURCE

  • Original cataloging agency: NUST
  • Transcribing agency: NUST

150 ## - HEADING--TOPICAL TERM

  • Topical term or geographic name entry element: Diffential Equations

670 ## - SOURCE DATA FOUND

  • Source citation: Work cat.: (NUST): Ayres, Frank 8744, Schaum's Outline of Theory and Problems of Differential Equations in SI Metric Units., 1972
© 2023 Central Library, National University of Sciences and Technology. All Rights Reserved.